01040nam0a22002411 4500001001000000005001700010035002600027100004100053101000800094102000700102105001800109200009600127210003200223215002300255225009800278300011400376320003500490700006000525701015400585801001800739801002200757852001900779rc\89614220250622033542.0 a(NLR Aleph) 006072344 a20041129d1984 |||y0rusy50 ca0 arus aRU aa |||||||||1 aОтморожения конечностейeЭкстр. помощь и лечение aМ.cМедицинаd1984 a112 с.cил.d201 aБиблиотека практического врачаiНеотложная помощь aНа обороте тит. л. авт.: Р.И. Муразян, проф., С.В. Смирнов, к. м. н. aБиблиогр.: с. 109-111 1aМуразянbР.И.gРафаэль Иванович 17ca8rusaСмирновbС. В.cд-р мед. наук, хирургияf1939-2017gСергей Владимирович3RU\NLR\AUTH\770276311 0aRUbNLRgpsbo 1aRUbELAR2rusmarc aNLRj85-3/1872